Statistics for Arsenal - Liverpool 2016-2017

Click here to take the quiz!

General Stats

  • This quiz has been taken 263 times
  • The average score is 20 of 30

Answer Stats

Answer% Correct
Petr Cech
91%
Roberto Firmino
89%
Simon Mignolet
88%
Jordan Henderson
87%
Sadio Mané ¹
87%
Jürgen Klopp
83%
Alexis Sanchez
82%
Arsène Wenger
81%
Hector Bellerin
79%
Dejan Lovren
78%
Philippe Coutinho ²
78%
Theo Walcott ¹
78%
Nathan Clyne
77%
Alberto Moreno
76%
Alex Oxlade-Chamberlain ¹
74%
Nacho Monreal
71%
Aaron Ramsey
63%
Granit Xhaka
63%
Georginio Wijnaldum
61%
Calum Chambers ¹
59%
Rob Holding
59%
Divock Origi
57%
Emre Can
56%
Santi Cazorla
56%
Francis Coquelin
52%
Alex Iwobi
49%
Ragnar Klavan
45%
Mohamed Elneny
40%
Adam Lallana ¹
28%
Kevin Stewart
13%

Score Distribution

Percentile by Number Answered

Percent of People with Each Score

Your Score History

You have not taken this quiz